كاتات الشوتوكان : (رقم التسجيلة. 247659)

تفاصيل مارك
000 -الفاتح
عناصر البيانات ثابتة الطول 00986nam a22002537i 4500
005 - تاريخ ووقت آخر معاملة
حقل ضبط 20251229084251.0
008 - عناصر البيانات ثابتة الطول
عناصر البيانات ثابتة الطول 250906s204 jo ||||gr|||| 00| 0 ara d
020 ## - الترقيم الدولي المعياري للكتب (ردمك)
الترقيم الدولي المعياري للكتب (ردمك) 9789923323281
040 ## - مصدر الفهرسة
هيئة الفهرسة الأصلية JO-AmGAM
قواعد الوصف rda
082 14 - رقم تصنيف ديوي العشري
رقم التصنيف 796.812
رقم المادة د ر ا
100 1# - مدخل رئيسي – اسم شخصي
الاسم الشخصي الدراويش، وجيه يونس محمد
علاقة الشخص بالعمل/ دوره مؤلف.
245 10 - بيان العنوان
العنوان كاتات الشوتوكان :
بقية العنوان كاتات متقدمة /
بيان المسؤولية إعداد وتأليف الخبير العربي الأردني وجيه يونس محمد الدراويش.
250 ## - بيان الطبعة
بيان الطبعة الطبعة الأولى.
264 31 - بيانات النشر، التوزيع…إلخ
مكان النشر، التوزيع...إلخ عمان :
اسم الناشر، الموزع...إلخ دار بافا العلمية للنشر والتوزيع،
تاريخ النشر، التوزيع...إلخ 2024.
300 ## - الوصف المادي
عدد الوحدات المكونة للوعاء 313 صفحة.
336 ## - نوع المحتوى
المصدر rdacontent
مصطلح نوع المحتوى نص
كود نوع المحتوى txt
337 ## - نوع الوسيط
المصدر rdamedia
مصطلح نوع الوسيط دون وسيط عرض
كود نوع الوسيط n
338 ## - نوع الحامل
المصدر rdacarrier
مصطلح نوع الحامل مجلد
كود نوع الحامل nc
650 71 - مدخل إضافي بالموضوع - مصطلح موضوعي
مصطلح موضوعي أو اسم جغرافي كعنصر مدخل ألعاب المبارزة.
650 71 - مدخل إضافي بالموضوع - مصطلح موضوعي
مصطلح موضوعي أو اسم جغرافي كعنصر مدخل الألعاب الرياضية.
650 71 - مدخل إضافي بالموضوع - مصطلح موضوعي
مصطلح موضوعي أو اسم جغرافي كعنصر مدخل الكاراتيه.
942 ## - بيانات إضافية (كوها)
نوع التنصيف Dewey Decimal Classification
نوع المادة (كوها) كتب
المقتنيات
حالة السحب حالة الفقدان مصدر التصنيف حالة التلف غير قابل للإعارة المكتبة الرئيسية المكتبة الحالية موقع الرف تاريخ التزويد مصدر التزويد العملة التكلفة، سعر الشراء العادي الرقم المتسلسل Total Checkouts رقم الإستدعاء الباركود تاريخ آخر ظهور التكلفة وسعر الاستبدال تاريخ الفاتورة نوع المادة (كوها)
    Dewey Decimal Classification     المكتبة المركزية المكتبة المركزية الإعارة 22/12/2025 56 JOD 8.00 1799453   796.812 / د ر ا PLD00929113 22/12/2025 8.00 22/12/2025 كتب
    Dewey Decimal Classification     المكتبة المركزية المكتبة المركزية مقتنيات قسم التزويد 22/12/2025 56 JOD 8.00 1799454     PLD00929114 22/12/2025 8.00 22/12/2025 كتب
    Dewey Decimal Classification     مكتبة أم قصير والمقابلين العامة مكتبة أم قصير والمقابلين العامة الإعارة 22/12/2025 56 JOD 8.00 1799458   796.812 / د ر ا PLD00929118 22/12/2025 8.00 22/12/2025 كتب
    Dewey Decimal Classification     مكتبة الأميرة ايمان العامة مكتبة الأميرة ايمان العامة الإعارة 22/12/2025 56 JOD 8.00 1799455   796.812 / د ر ا PLD00929115 22/12/2025 8.00 22/12/2025 كتب
    Dewey Decimal Classification     مكتبة الاميرة بديعة مكتبة الاميرة بديعة الإعارة 22/12/2025 56 JOD 8.00 1799459   796.812 / د ر ا PLD00929119 22/12/2025 8.00 22/12/2025 كتب
    Dewey Decimal Classification     مكتبة الجويدة مكتبة الجويدة الإعارة 22/12/2025 56 JOD 8.00 1799461   796.812 / د ر ا PLD00929121 22/12/2025 8.00 22/12/2025 كتب
    Dewey Decimal Classification     مكتبة الحسن العامة مكتبة الحسن العامة الإعارة 22/12/2025 56 JOD 8.00 1799460   796.812 / د ر ا PLD00929120 22/12/2025 8.00 22/12/2025 كتب
    Dewey Decimal Classification     مكتبة حمزة العامة مكتبة حمزة العامة الإعارة 22/12/2025 56 JOD 8.00 1799462   796.812 / د ر ا PLD00929122 22/12/2025 8.00 22/12/2025 كتب
    Dewey Decimal Classification     مكتبة صويلح العامة مكتبة صويلح العامة الإعارة 22/12/2025 56 JOD 8.00 1799457   796.812 / د ر ا PLD00929117 22/12/2025 8.00 22/12/2025 كتب
    Dewey Decimal Classification     مكتبة وادي السير العامة مكتبة وادي السير العامة الإعارة 22/12/2025 56 JOD 8.00 1799456   796.812 / د ر ا PLD00929116 22/12/2025 8.00 22/12/2025 كتب
Implemented & Customized by: BBB with SCIT (Smart Chains for Information Technology)

Powered by Koha